[Event "Atviras BTA Lietuvos RAPID2021"]
[Site "Vilnius, Lithuania"]
[Date "2021.07.17"]
[Round "7.1"]
[White "Pultinevicius, Paulius"]
[Black "Laurusas, Tomas"]
[Result "0-1"]
[WhiteElo "2519"]
[BlackElo "2552"]
[PlyCount "72"]

1. d4 {[%emt 0:00:00]} d5 {[%emt 0:00:00]} 2. c4 {[%emt 0:00:00]} c6 {[%emt 0:
00:00]} 3. Nf3 {[%emt 0:00:00]} Nf6 {[%emt 0:00:00]} 4. e3 {[%emt 0:00:00]} Bf5
{[%emt 0:00:24]} 5. Nc3 {[%emt 0:00:57]} e6 {[%emt 0:00:00]} 6. Nh4 {[%emt 0:
00:03]} Be4 {[%emt 0:00:02]} 7. f3 {[%emt 0:00:47]} Bg6 {[%emt 0:00:01]} 8. Qb3
{[%emt 0:00:02]} Qc7 {[%emt 0:00:01]} 9. Bd2 {[%emt 0:01:26]} Be7 {[%emt 0:00:
30]} 10. cxd5 {[%emt 0:00:58]} cxd5 {[%emt 0:00:21]} 11. Nxg6 {[%emt 0:00:58]}
hxg6 {[%emt 0:00:08]} 12. g3 {[%emt 0:02:05]} Nc6 {[%emt 0:00:01]} 13. Bd3 {
[%emt 0:00:01]} O-O {[%emt 0:00:38]} 14. Rc1 {[%emt 0:00:05]} Rac8 {[%emt 0:00:
14]} 15. O-O {[%emt 0:00:04]} a6 {[%emt 0:00:47]} 16. Na4 {[%emt 0:00:04]} e5 {
[%emt 0:00:03]} 17. dxe5 {[%emt 0:00:22]} Qxe5 {[%emt 0:01:07]} 18. Qxb7 {
[%emt 0:00:12]} Rc7 {[%emt 0:00:00]} 19. Qxa6 {[%emt 0:00:34]} Nb4 {[%emt 0:00:
02]} 20. Qb5 {[%emt 0:00:12]} Rxc1 {[%emt 0:00:20]} 21. Rxc1 {[%emt 0:00:26]}
Rb8 {[%emt 0:00:05]} 22. f4 {[%emt 0:00:38]} Rxb5 {[%emt 0:00:22]} 23. fxe5 {
[%emt 0:00:04]} Nxd3 {[%emt 0:00:01]} 24. Rc8+ {[%emt 0:00:01]} Kh7 {[%emt 0:
00:06]} 25. exf6 {[%emt 0:00:02]} Bxf6 {[%emt 0:00:00]} 26. b3 {[%emt 0:00:05]}
d4 {[%emt 0:00:08]} 27. Kf1 {[%emt 0:00:08]} dxe3 {[%emt 0:00:11]} 28. Bxe3 {
[%emt 0:00:01]} Nb4 {[%emt 0:00:06]} 29. Rc5 {[%emt 0:00:14]} Rb7 {[%emt 0:00:
24]} 30. a3 {[%emt 0:01:53]} Nd3 {[%emt 0:00:01]} 31. Rd5 {[%emt 0:00:11]} Rxb3
{[%emt 0:00:02]} 32. Nc5 {[%emt 0:00:05]} Nxc5 {[%emt 0:00:15]} 33. Bxc5 {
[%emt 0:00:01]} Rb5 {[%emt 0:00:01]} 34. a4 {[%emt 0:00:02]} Ra5 {[%emt 0:00:
00]} 35. Ke2 {[%emt 0:00:12]} Be7 {[%emt 0:00:02]} 36. Bxe7 {[%emt 0:00:05]}
Rxd5 {[%emt 0:00:01]} 0-1

[Event "Atviras BTA Lietuvos RAPID2021"]
[Site "Vilnius, Lithuania"]
[Date "2021.07.17"]
[Round "7.2"]
[White "Sulskis, Sarunas"]
[Black "Stremavicius, Pijus"]
[Result "1-0"]
[WhiteElo "2538"]
[BlackElo "2157"]
[PlyCount "56"]

1. e4 {[%emt 0:00:07]} c5 {[%emt 0:00:04]} 2. Nf3 {[%emt 0:00:04]} e6 {[%emt 0:
00:02]} 3. b3 {[%emt 0:00:34]} d5 {[%emt 0:00:33]} 4. exd5 {[%emt 0:00:09]}
exd5 {[%emt 0:00:06]} 5. Bb5+ {[%emt 0:00:05]} Nc6 {[%emt 0:00:08]} 6. O-O {
[%emt 0:00:10]} Nf6 {[%emt 0:00:04]} 7. d4 {[%emt 0:00:37]} Be7 {[%emt 0:00:04]
} 8. Ba3 {[%emt 0:00:11]} O-O {[%emt 0:00:19]} 9. Bxc5 {[%emt 0:00:20]} Bxc5 {
[%emt 0:00:03]} 10. dxc5 {[%emt 0:00:02]} Qa5 {[%emt 0:00:26]} 11. Bxc6 {[%emt
0:00:27]} bxc6 {[%emt 0:00:02]} 12. Qd4 {[%emt 0:00:03]} Bf5 {[%emt 0:01:18]}
13. c3 {[%emt 0:00:47]} Nd7 {[%emt 0:02:23]} 14. b4 {[%emt 0:00:33]} Qa4 {
[%emt 0:00:02]} 15. Nbd2 {[%emt 0:00:18]} a5 {[%emt 0:00:11]} 16. a3 {[%emt 0:
00:18]} Rfe8 {[%emt 0:00:25]} 17. h3 {[%emt 0:00:14]} Be4 {[%emt 0:02:24]} 18.
Rfe1 {[%emt 0:00:16]} Bxf3 {[%emt 0:00:03]} 19. Rxe8+ {[%emt 0:00:18]} Rxe8 {
[%emt 0:00:02]} 20. Nxf3 {[%emt 0:00:02]} Re4 {[%emt 0:00:04]} 21. Qd1 {[%emt
0:00:15]} Qb5 {[%emt 0:00:28]} 22. Nd4 {[%emt 0:00:13]} Qa6 {[%emt 0:00:11]}
23. Qa4 {[%emt 0:00:26]} Ne5 {[%emt 0:00:52]} 24. Qxa5 {[%emt 0:00:20]} Qxa5 {
[%emt 0:00:02]} 25. bxa5 {[%emt 0:00:03]} Nd7 {[%emt 0:00:06]} 26. a6 {[%emt 0:
00:25]} Nxc5 {[%emt 0:00:23]} 27. a7 {[%emt 0:00:14]} Re8 {[%emt 0:00:02]} 28.
Rb1 {[%emt 0:00:04]} Ra8 {[%emt 0:00:17]} 1-0

[Event "Atviras BTA Lietuvos RAPID2021"]
[Site "Vilnius, Lithuania"]
[Date "2021.07.17"]
[Round "7.3"]
[White "Salna, Aleksandras"]
[Black "Sarakauskas, Gediminas"]
[Result "0-1"]
[WhiteElo "2134"]
[BlackElo "2342"]
[PlyCount "74"]

1. d4 {[%emt 0:00:01]} Nf6 {[%emt 0:00:02]} 2. Bf4 {[%emt 0:00:02]} g6 {[%emt
0:00:27]} 3. e3 {[%emt 0:00:01]} Bg7 {[%emt 0:00:03]} 4. Nf3 {[%emt 0:00:01]}
O-O {[%emt 0:00:07]} 5. Be2 {[%emt 0:00:02]} d6 {[%emt 0:00:34]} 6. h3 {[%emt
0:00:01]} Nbd7 {[%emt 0:01:09]} 7. O-O {[%emt 0:00:03]} c6 {[%emt 0:00:02]} 8.
Nbd2 {[%emt 0:00:18]} Re8 {[%emt 0:00:29]} 9. Bh2 {[%emt 0:00:02]} Qc7 {[%emt
0:00:57]} 10. a4 {[%emt 0:00:13]} b6 {[%emt 0:00:11]} 11. c4 {[%emt 0:00:59]}
Bb7 {[%emt 0:00:36]} 12. a5 {[%emt 0:00:09]} Rab8 {[%emt 0:00:30]} 13. Nb1 {
[%emt 0:00:32]} Ne4 {[%emt 0:00:42]} 14. Nfd2 {[%emt 0:00:03]} c5 {[%emt 0:00:
30]} 15. Nxe4 {[%emt 0:00:10]} Bxe4 {[%emt 0:00:02]} 16. Nc3 {[%emt 0:00:01]}
Nf6 {[%emt 0:00:41]} 17. axb6 {[%emt 0:00:32]} axb6 {[%emt 0:00:03]} 18. Nxe4 {
[%emt 0:00:10]} Nxe4 {[%emt 0:00:02]} 19. Bf3 {[%emt 0:00:00]} Ng5 {[%emt 0:00:
15]} 20. Be2 {[%emt 0:00:26]} cxd4 {[%emt 0:00:09]} 21. exd4 {[%emt 0:00:02]}
Ne6 {[%emt 0:00:02]} 22. d5 {[%emt 0:00:28]} Nc5 {[%emt 0:00:00]} 23. Qc2 {
[%emt 0:00:28]} Ra8 {[%emt 0:00:04]} 24. Bf4 {[%emt 0:00:26]} Nd7 {[%emt 0:00:
26]} 25. Qd2 {[%emt 0:00:34]} Ne5 {[%emt 0:00:23]} 26. Qb4 {[%emt 0:00:26]}
Rec8 {[%emt 0:00:08]} 27. Rxa8 {[%emt 0:00:09]} Rxa8 {[%emt 0:00:00]} 28. Be3 {
[%emt 0:00:01]} Nd7 {[%emt 0:00:05]} 29. Rb1 {[%emt 0:02:09]} Qa7 {[%emt 0:00:
02]} 30. Qb5 {[%emt 0:00:08]} Qa4 {[%emt 0:00:40]} 31. Qxa4 {[%emt 0:00:35]}
Rxa4 {[%emt 0:00:00]} 32. g4 {[%emt 0:00:31]} Ra2 {[%emt 0:00:10]} 33. Bc1 {
[%emt 0:00:15]} Nc5 {[%emt 0:00:11]} 34. b4 {[%emt 0:00:07]} Rxe2 {[%emt 0:00:
25]} 35. bxc5 {[%emt 0:00:02]} Re1+ {[%emt 0:00:03]} 36. Kg2 {[%emt 0:00:02]}
dxc5 {[%emt 0:00:03]} 37. f4 {[%emt 0:00:13]} Bd4 {[%emt 0:00:15]} 0-1

[Event "Atviras BTA Lietuvos RAPID2021"]
[Site "Vilnius, Lithuania"]
[Date "2021.07.17"]
[Round "7.4"]
[White "Armonaitis, Silvestras"]
[Black "Limontas, Martynas"]
[Result "1-0"]
[WhiteElo "2101"]
[BlackElo "2294"]
[PlyCount "175"]

1. e4 {[%emt 0:00:03]} e6 {[%emt 0:00:02]} 2. f4 {[%emt 0:00:06]} d5 {[%emt 0:
00:11]} 3. e5 {[%emt 0:00:01]} c5 {[%emt 0:00:22]} 4. Nf3 {[%emt 0:00:01]} d4 {
[%emt 0:00:10]} 5. Bd3 {[%emt 0:00:13]} Nc6 {[%emt 0:00:38]} 6. Be4 {[%emt 0:
00:31]} Nge7 {[%emt 0:00:13]} 7. O-O {[%emt 0:00:09]} Bd7 {[%emt 0:00:27]} 8.
Na3 {[%emt 0:00:08]} Nf5 {[%emt 0:00:08]} 9. d3 {[%emt 0:02:10]} h5 {[%emt 0:
00:30]} 10. Qe2 {[%emt 0:01:10]} Be7 {[%emt 0:00:18]} 11. c4 {[%emt 0:01:13]}
Qc7 {[%emt 0:02:04]} 12. Bxf5 {[%emt 0:00:51]} exf5 {[%emt 0:00:02]} 13. Nb5 {
[%emt 0:00:56]} Qb8 {[%emt 0:00:04]} 14. Ng5 {[%emt 0:00:48]} Be6 {[%emt 0:00:
14]} 15. Bd2 {[%emt 0:01:20]} Rh6 {[%emt 0:00:14]} 16. Nxe6 {[%emt 0:00:05]}
fxe6 {[%emt 0:00:11]} 17. Rf3 {[%emt 0:00:20]} a6 {[%emt 0:01:14]} 18. Nd6+ {
[%emt 0:00:01]} Bxd6 {[%emt 0:00:01]} 19. exd6 {[%emt 0:00:01]} Qxd6 {[%emt 0:
00:02]} 20. Rh3 {[%emt 0:00:12]} g6 {[%emt 0:01:00]} 21. Re1 {[%emt 0:00:01]}
Kd7 {[%emt 0:00:03]} 22. a3 {[%emt 0:00:02]} a5 {[%emt 0:00:10]} 23. Qd1 {
[%emt 0:00:10]} Ra6 {[%emt 0:01:14]} 24. Qa4 {[%emt 0:00:12]} Kc7 {[%emt 0:00:
27]} 25. Qb5 {[%emt 0:00:16]} Rb6 {[%emt 0:00:03]} 26. Bxa5 {[%emt 0:00:06]}
Nxa5 {[%emt 0:00:06]} 27. Qxa5 {[%emt 0:00:01]} Kb8 {[%emt 0:00:34]} 28. b4 {
[%emt 0:00:27]} Ra6 {[%emt 0:00:13]} 29. Qxc5 {[%emt 0:00:19]} Qxc5 {[%emt 0:
00:02]} 30. bxc5 {[%emt 0:00:01]} Rh7 {[%emt 0:00:29]} 31. Rg3 {[%emt 0:00:02]}
Rg7 {[%emt 0:00:00]} 32. Re5 {[%emt 0:00:27]} Kc7 {[%emt 0:00:07]} 33. Kf2 {
[%emt 0:00:06]} Kd7 {[%emt 0:00:03]} 34. Re2 {[%emt 0:00:11]} Rxa3 {[%emt 0:00:
09]} 35. Rf3 {[%emt 0:00:01]} Ra5 {[%emt 0:00:36]} 36. Rb2 {[%emt 0:00:09]} Kc7
{[%emt 0:00:04]} 37. Re2 {[%emt 0:00:03]} Ra6 {[%emt 0:00:15]} 38. Kg3 {[%emt
0:00:02]} g5 {[%emt 0:00:04]} 39. fxg5 {[%emt 0:00:02]} Rxg5+ {[%emt 0:00:00]}
40. Kf4 {[%emt 0:00:08]} Rg4+ {[%emt 0:00:20]} 41. Ke5 {[%emt 0:00:02]} Rg6 {
[%emt 0:00:00]} 42. Rh3 {[%emt 0:00:01]} Rh6 {[%emt 0:00:03]} 43. Kxd4 {[%emt
0:00:04]} Ra1 {[%emt 0:00:14]} 44. Rg3 {[%emt 0:00:03]} Rg1 {[%emt 0:00:06]}
45. Rg7+ {[%emt 0:00:02]} Kc6 {[%emt 0:00:00]} 46. Re7 {[%emt 0:00:03]} f4 {
[%emt 0:00:08]} 47. R2xe6+ {[%emt 0:00:03]} Rxe6 {[%emt 0:00:00]} 48. Rxe6+ {
[%emt 0:00:01]} Kc7 {[%emt 0:00:01]} 49. Re2 {[%emt 0:00:04]} Rh1 {[%emt 0:00:
04]} 50. h3 {[%emt 0:00:02]} f3 {[%emt 0:00:04]} 51. gxf3 {[%emt 0:00:09]} Rxh3
{[%emt 0:00:01]} 52. f4 {[%emt 0:00:11]} h4 {[%emt 0:00:05]} 53. Re7+ {[%emt 0:
00:02]} Kc6 {[%emt 0:00:05]} 54. Re6+ {[%emt 0:00:00]} Kd7 {[%emt 0:00:02]} 55.
Rh6 {[%emt 0:00:04]} Rh1 {[%emt 0:00:03]} 56. Ke5 {[%emt 0:00:14]} h3 {[%emt 0:
00:05]} 57. d4 {[%emt 0:00:20]} h2 {[%emt 0:00:14]} 58. Kd5 {[%emt 0:00:01]}
Ke7 {[%emt 0:00:05]} 59. Rh7+ {[%emt 0:00:10]} Kf6 {[%emt 0:00:03]} 60. c6 {
[%emt 0:00:07]} bxc6+ {[%emt 0:00:09]} 61. Kxc6 {[%emt 0:00:03]} Rc1 {[%emt 0:
00:16]} 62. Rxh2 {[%emt 0:00:02]} Rxc4+ {[%emt 0:00:01]} 63. Kd5 {[%emt 0:00:
01]} Rc8 {[%emt 0:00:07]} 64. Re2 {[%emt 0:00:03]} Rd8+ {[%emt 0:00:03]} 65.
Kc5 {[%emt 0:00:01]} Rc8+ {[%emt 0:00:01]} 66. Kd6 {[%emt 0:00:01]} Rd8+ {
[%emt 0:00:00]} 67. Kc5 {[%emt 0:00:01]} Rc8+ {[%emt 0:00:01]} 68. Kd5 {[%emt
0:00:01]} Rd8+ {[%emt 0:00:01]} 69. Kc4 {[%emt 0:00:01]} Rc8+ {[%emt 0:00:09]}
70. Kd3 {[%emt 0:00:02]} Kf5 {[%emt 0:00:01]} 71. d5 {[%emt 0:00:22]} Kxf4 {
[%emt 0:00:28]} 72. Kd4 {[%emt 0:00:02]} Rd8 {[%emt 0:00:06]} 73. Rf2+ {[%emt
0:00:01]} Kg5 {[%emt 0:00:01]} 74. Ke5 {[%emt 0:00:02]} Re8+ {[%emt 0:00:09]}
75. Kd6 {[%emt 0:00:01]} Ra8 {[%emt 0:00:05]} 76. Kc7 {[%emt 0:00:11]} Ra7+ {
[%emt 0:00:04]} 77. Kb6 {[%emt 0:00:03]} Ra1 {[%emt 0:00:08]} 78. d6 {[%emt 0:
00:05]} Rd1 {[%emt 0:00:02]} 79. Kc7 {[%emt 0:00:01]} Rc1+ {[%emt 0:00:01]} 80.
Kd8 {[%emt 0:00:01]} Kg6 {[%emt 0:00:03]} 81. d7 {[%emt 0:00:07]} Kg7 {[%emt 0:
00:01]} 82. Rf5 {[%emt 0:00:12]} Kg6 {[%emt 0:00:04]} 83. Rf3 {[%emt 0:00:04]}
Rc2 {[%emt 0:00:09]} 84. Rf4 {[%emt 0:00:04]} Rc1 {[%emt 0:00:05]} 85. Ke7 {
[%emt 0:00:14]} Re1+ {[%emt 0:00:01]} 86. Kd6 {[%emt 0:00:04]} Rd1+ {[%emt 0:
00:02]} 87. Ke6 {[%emt 0:00:01]} Kg7 {[%emt 0:00:11]} 88. Rf5 {[%emt 0:00:14]}
1-0

[Event "Atviras BTA Lietuvos RAPID2021"]
[Site "Vilnius, Lithuania"]
[Date "2021.07.17"]
[Round "7.5"]
[White "Vedrickas, Tautvydas"]
[Black "Indriunas, Matas"]
[Result "0-1"]
[WhiteElo "2235"]
[BlackElo "2022"]
[PlyCount "128"]

1. d4 {[%emt 0:00:02]} Nf6 {[%emt 0:00:02]} 2. c4 {[%emt 0:00:01]} e6 {[%emt 0:
00:02]} 3. Nf3 {[%emt 0:00:07]} b6 {[%emt 0:00:03]} 4. a3 {[%emt 0:00:01]} Be7
{[%emt 0:00:18]} 5. Nc3 {[%emt 0:00:02]} d5 {[%emt 0:00:07]} 6. cxd5 {[%emt 0:
00:24]} exd5 {[%emt 0:00:02]} 7. Bg5 {[%emt 0:00:05]} O-O {[%emt 0:00:08]} 8.
e3 {[%emt 0:00:02]} Bb7 {[%emt 0:00:50]} 9. Bd3 {[%emt 0:00:36]} h6 {[%emt 0:
00:06]} 10. Bxf6 {[%emt 0:00:12]} Bxf6 {[%emt 0:00:04]} 11. g4 {[%emt 0:00:55]}
c5 {[%emt 0:00:11]} 12. h4 {[%emt 0:00:07]} cxd4 {[%emt 0:00:19]} 13. exd4 {
[%emt 0:00:03]} Re8+ {[%emt 0:00:03]} 14. Ne2 {[%emt 0:00:33]} Nc6 {[%emt 0:01:
34]} 15. Kf1 {[%emt 0:00:54]} Re4 {[%emt 0:01:14]} 16. g5 {[%emt 0:00:31]} hxg5
{[%emt 0:00:09]} 17. hxg5 {[%emt 0:00:12]} Bxg5 {[%emt 0:00:03]} 18. Bxe4 {
[%emt 0:01:06]} dxe4 {[%emt 0:00:02]} 19. Nxg5 {[%emt 0:00:04]} Qxg5 {[%emt 0:
00:02]} 20. Qc1 {[%emt 0:00:52]} Qd5 {[%emt 0:01:28]} 21. Qe3 {[%emt 0:00:34]}
Ba6 {[%emt 0:00:22]} 22. Rd1 {[%emt 0:00:04]} Rd8 {[%emt 0:00:25]} 23. Qh3 {
[%emt 0:03:21]} Kf8 {[%emt 0:00:11]} 24. Qh8+ {[%emt 0:00:52]} Ke7 {[%emt 0:00:
01]} 25. Qxg7 {[%emt 0:00:10]} Nxd4 {[%emt 0:01:48]} 26. Rxd4 {[%emt 0:00:01]}
Qxd4 {[%emt 0:00:02]} 27. Qxd4 {[%emt 0:00:09]} Rxd4 {[%emt 0:00:01]} 28. Ke1 {
[%emt 0:00:00]} Bxe2 {[%emt 0:01:09]} 29. Kxe2 {[%emt 0:00:01]} Rc4 {[%emt 0:
00:26]} 30. Kd2 {[%emt 0:00:01]} Ke6 {[%emt 0:00:11]} 31. Rh6+ {[%emt 0:00:03]}
f6 {[%emt 0:00:10]} 32. Rh7 {[%emt 0:00:02]} a5 {[%emt 0:00:01]} 33. Rb7 {
[%emt 0:00:07]} Rc6 {[%emt 0:00:03]} 34. Rb8 {[%emt 0:00:10]} Kf5 {[%emt 0:00:
03]} 35. Rd8 {[%emt 0:00:14]} Kf4 {[%emt 0:00:04]} 36. b4 {[%emt 0:00:15]} axb4
{[%emt 0:00:09]} 37. axb4 {[%emt 0:00:01]} Kf3 {[%emt 0:00:09]} 38. b5 {[%emt
0:00:08]} Re6 {[%emt 0:00:06]} 39. Ke1 {[%emt 0:00:04]} f5 {[%emt 0:00:05]} 40.
Rc8 {[%emt 0:00:10]} Re5 {[%emt 0:00:04]} 41. Rc3+ {[%emt 0:00:08]} e3 {[%emt
0:00:33]} 42. Kf1 {[%emt 0:00:07]} f4 {[%emt 0:00:06]} 43. Rb3 {[%emt 0:00:05]}
Rc5 {[%emt 0:00:03]} 44. Rb1 {[%emt 0:00:06]} Rc2 {[%emt 0:00:16]} 45. fxe3 {
[%emt 0:00:02]} fxe3 {[%emt 0:00:04]} 46. Ra1 {[%emt 0:00:04]} Rb2 {[%emt 0:00:
02]} 47. Kg1 {[%emt 0:00:07]} e2 {[%emt 0:00:06]} 48. Ra3+ {[%emt 0:00:02]} Ke4
{[%emt 0:00:04]} 49. Kf2 {[%emt 0:00:02]} Kd4 {[%emt 0:00:06]} 50. Ra6 {[%emt
0:00:09]} Kc5 {[%emt 0:00:01]} 51. Ra8 {[%emt 0:00:05]} Kxb5 {[%emt 0:00:02]}
52. Rc8 {[%emt 0:00:04]} Kb4 {[%emt 0:00:03]} 53. Ke1 {[%emt 0:00:08]} b5 {
[%emt 0:00:02]} 54. Rb8 {[%emt 0:00:03]} Kc4 {[%emt 0:00:02]} 55. Rc8+ {[%emt
0:00:04]} Kb3 {[%emt 0:00:01]} 56. Rc7 {[%emt 0:00:06]} b4 {[%emt 0:00:02]} 57.
Rc8 {[%emt 0:00:03]} Rc2 {[%emt 0:00:02]} 58. Ra8 {[%emt 0:00:03]} Kb2 {[%emt
0:00:02]} 59. Ra7 {[%emt 0:00:10]} b3 {[%emt 0:00:01]} 60. Ra8 {[%emt 0:00:03]}
Kc1 {[%emt 0:00:05]} 61. Ra1+ {[%emt 0:00:03]} Kb2 {[%emt 0:00:01]} 62. Ra8 {
[%emt 0:00:03]} Kb1 {[%emt 0:00:02]} 63. Rb8 {[%emt 0:00:11]} b2 {[%emt 0:00:
02]} 64. Ra8 {[%emt 0:00:01]} Kc1 {[%emt 0:00:04]} 0-1

[Event "Atviras BTA Lietuvos RAPID2021"]
[Site "Vilnius, Lithuania"]
[Date "2021.07.17"]
[Round "7.6"]
[White "Mecelica, Erikas"]
[Black "Eigminas, Kipras"]
[Result "0-1"]
[WhiteElo "1893"]
[BlackElo "2223"]
[PlyCount "84"]

1. e4 {[%emt 0:00:01]} c5 {[%emt 0:00:01]} 2. Nf3 {[%emt 0:00:02]} d6 {[%emt 0:
00:00]} 3. d4 {[%emt 0:00:03]} cxd4 {[%emt 0:00:00]} 4. Nxd4 {[%emt 0:00:02]}
Nf6 {[%emt 0:00:00]} 5. Nc3 {[%emt 0:00:03]} g6 {[%emt 0:00:01]} 6. Be3 {[%emt
0:00:02]} Bg7 {[%emt 0:00:00]} 7. Be2 {[%emt 0:00:04]} O-O {[%emt 0:00:04]} 8.
Qd2 {[%emt 0:00:02]} Ng4 {[%emt 0:00:47]} 9. Bxg4 {[%emt 0:00:07]} Bxg4 {[%emt
0:00:02]} 10. f3 {[%emt 0:00:02]} Bd7 {[%emt 0:00:03]} 11. Bh6 {[%emt 0:00:06]}
Nc6 {[%emt 0:00:20]} 12. Bxg7 {[%emt 0:00:04]} Kxg7 {[%emt 0:00:02]} 13. Nxc6 {
[%emt 0:00:04]} bxc6 {[%emt 0:00:01]} 14. Ne2 {[%emt 0:00:07]} Rb8 {[%emt 0:00:
11]} 15. b3 {[%emt 0:00:02]} Qb6 {[%emt 0:00:02]} 16. Rd1 {[%emt 0:00:07]} Kg8
{[%emt 0:00:13]} 17. c4 {[%emt 0:00:03]} a5 {[%emt 0:00:15]} 18. Qd4 {[%emt 0:
00:07]} Qxd4 {[%emt 0:00:03]} 19. Rxd4 {[%emt 0:00:07]} a4 {[%emt 0:00:04]} 20.
Rd3 {[%emt 0:00:05]} axb3 {[%emt 0:00:02]} 21. axb3 {[%emt 0:00:01]} Ra8 {
[%emt 0:00:03]} 22. O-O {[%emt 0:00:04]} Ra2 {[%emt 0:00:10]} 23. Ng3 {[%emt 0:
00:04]} Be6 {[%emt 0:00:06]} 24. Rf2 {[%emt 0:00:04]} Rfa8 {[%emt 0:00:05]} 25.
Rxa2 {[%emt 0:00:02]} Rxa2 {[%emt 0:00:00]} 26. h3 {[%emt 0:00:09]} Rb2 {[%emt
0:00:02]} 27. f4 {[%emt 0:00:02]} f5 {[%emt 0:00:10]} 28. exf5 {[%emt 0:00:04]}
gxf5 {[%emt 0:00:01]} 29. Re3 {[%emt 0:00:25]} Kf7 {[%emt 0:00:02]} 30. Ne2 {
[%emt 0:00:01]} c5 {[%emt 0:00:10]} 31. Ng3 {[%emt 0:00:20]} Bd7 {[%emt 0:00:
04]} 32. Rd3 {[%emt 0:00:07]} Kf6 {[%emt 0:01:14]} 33. Nf1 {[%emt 0:01:37]} Bc6
{[%emt 0:00:14]} 34. Ne3 {[%emt 0:00:03]} Be4 {[%emt 0:00:04]} 35. Rc3 {[%emt
0:00:02]} e5 {[%emt 0:00:27]} 36. g3 {[%emt 0:00:03]} Ke6 {[%emt 0:00:16]} 37.
Kf1 {[%emt 0:00:34]} Rh2 {[%emt 0:00:15]} 38. fxe5 {[%emt 0:01:35]} Kxe5 {
[%emt 0:00:22]} 39. h4 {[%emt 0:00:28]} Kd4 {[%emt 0:00:02]} 40. Nd1 {[%emt 0:
00:01]} Rh1+ {[%emt 0:00:01]} 41. Ke2 {[%emt 0:00:03]} Rxd1 {[%emt 0:00:02]}
42. Re3 {[%emt 0:00:02]} Rc1 {[%emt 0:00:07]} 0-1

[Event "Atviras BTA Lietuvos RAPID2021"]
[Site "Vilnius, Lithuania"]
[Date "2021.07.17"]
[Round "7.7"]
[White "Narmontas, Tauras"]
[Black "Jonusevicius, Audrius"]
[Result "1-0"]
[WhiteElo "2222"]
[BlackElo "1837"]
[PlyCount "117"]

1. d4 {[%emt 0:00:04]} Nf6 {[%emt 0:00:03]} 2. Nc3 {[%emt 0:00:04]} e6 {[%emt
0:00:02]} 3. e4 {[%emt 0:00:04]} d5 {[%emt 0:00:04]} 4. e5 {[%emt 0:00:57]}
Nfd7 {[%emt 0:00:05]} 5. f4 {[%emt 0:00:05]} c5 {[%emt 0:00:41]} 6. Nf3 {[%emt
0:00:02]} cxd4 {[%emt 0:00:16]} 7. Nxd4 {[%emt 0:00:07]} Bb4 {[%emt 0:00:10]}
8. Qg4 {[%emt 0:00:50]} Bxc3+ {[%emt 0:00:23]} 9. bxc3 {[%emt 0:00:02]} g6 {
[%emt 0:01:16]} 10. Ba3 {[%emt 0:00:26]} a6 {[%emt 0:00:39]} 11. Nxe6 {[%emt 0:
00:15]} Qb6 {[%emt 0:00:56]} 12. Ng7+ {[%emt 0:02:06]} Kd8 {[%emt 0:00:02]} 13.
e6 {[%emt 0:00:21]} Qe3+ {[%emt 0:00:16]} 14. Kd1 {[%emt 0:00:17]} Qxc3 {[%emt
0:00:32]} 15. e7+ {[%emt 0:01:10]} Kc7 {[%emt 0:00:04]} 16. e8=N+ {[%emt 0:00:
11]} Kc6 {[%emt 0:00:34]} 17. Qg3 {[%emt 0:02:36]} Qxa1+ {[%emt 0:00:10]} 18.
Kd2 {[%emt 0:00:00]} Qd4+ {[%emt 0:00:45]} 19. Bd3 {[%emt 0:00:12]} Nb6 {[%emt
0:00:27]} 20. f5 {[%emt 0:01:03]} Nc4+ {[%emt 0:01:06]} 21. Kd1 {[%emt 0:00:01]
} Qa1+ {[%emt 0:01:30]} 22. Bc1 {[%emt 0:00:08]} Qe5 {[%emt 0:00:10]} 23. Bxc4
{[%emt 0:00:39]} Qxg3 {[%emt 0:00:02]} 24. Bxd5+ {[%emt 0:00:01]} Kxd5 {[%emt
0:00:02]} 25. hxg3 {[%emt 0:00:01]} Kc6 {[%emt 0:00:10]} 26. Nf6 {[%emt 0:00:
18]} h5 {[%emt 0:00:09]} 27. g4 {[%emt 0:00:06]} Nd7 {[%emt 0:00:08]} 28. Ne4 {
[%emt 0:00:09]} gxf5 {[%emt 0:00:05]} 29. gxf5 {[%emt 0:00:01]} Ne5 {[%emt 0:
00:13]} 30. Bf4 {[%emt 0:00:10]} Ng4 {[%emt 0:00:06]} 31. Ke2 {[%emt 0:00:01]}
Bd7 {[%emt 0:00:14]} 32. Rd1 {[%emt 0:00:01]} Rad8 {[%emt 0:00:23]} 33. Bg5 {
[%emt 0:00:08]} f6 {[%emt 0:00:02]} 34. Rd6+ {[%emt 0:00:06]} Kc7 {[%emt 0:00:
02]} 35. Bf4 {[%emt 0:00:01]} Bb5+ {[%emt 0:00:01]} 36. Kf3 {[%emt 0:00:09]}
Rxd6 {[%emt 0:00:05]} 37. Bxd6+ {[%emt 0:00:03]} Kc6 {[%emt 0:00:03]} 38. Ba3 {
[%emt 0:00:12]} Ne5+ {[%emt 0:00:04]} 39. Kf4 {[%emt 0:00:01]} Nc4 {[%emt 0:00:
10]} 40. Be7 {[%emt 0:00:01]} Rg8 {[%emt 0:00:08]} 41. Bxf6 {[%emt 0:00:03]}
Nd6 {[%emt 0:00:14]} 42. Nd2 {[%emt 0:00:12]} h4 {[%emt 0:00:20]} 43. Nf3 {
[%emt 0:00:01]} Bc4 {[%emt 0:00:09]} 44. a3 {[%emt 0:00:02]} Nb5 {[%emt 0:00:
05]} 45. a4 {[%emt 0:00:03]} Nc7 {[%emt 0:00:02]} 46. Be5 {[%emt 0:00:06]} Nd5+
{[%emt 0:00:03]} 47. Ke4 {[%emt 0:00:02]} Ne7 {[%emt 0:00:18]} 48. f6 {[%emt 0:
00:02]} Bd5+ {[%emt 0:00:02]} 49. Kf4 {[%emt 0:00:05]} Ng6+ {[%emt 0:00:04]}
50. Kf5 {[%emt 0:00:02]} Bxf3 {[%emt 0:00:06]} 51. Kxg6 {[%emt 0:00:06]} Bxg2 {
[%emt 0:00:13]} 52. f7 {[%emt 0:00:02]} Be4+ {[%emt 0:00:09]} 53. Kf6 {[%emt 0:
00:03]} Rh8 {[%emt 0:00:04]} 54. Ne6 {[%emt 0:00:08]} Bxc2 {[%emt 0:00:18]} 55.
Nd4+ {[%emt 0:00:01]} Kd7 {[%emt 0:00:05]} 56. Nxc2 {[%emt 0:00:01]} h3 {[%emt
0:00:02]} 57. Kg7 {[%emt 0:00:04]} h2 {[%emt 0:00:03]} 58. Bxh2 {[%emt 0:00:07]
} Rxh2 {[%emt 0:00:02]} 59. f8=Q {[%emt 0:00:02]} 1-0